000 00642nam a2200229Ia 4500
005 20260429112135.0
008 260429s9999||||xx |||||||||||||| ||und||
020 _a9783030827410
041 _aEnglish
082 _a515
_bGHO
100 _aGhorpade,Sudhir R.
245 0 _aCourse in calculus and real analysis /
_cSudhir R. Ghorpade
250 _a2nd ed.
260 _aSwitzerland :
_bSpringer,
_c2018.
300 _aix, 538 p.; pbk
440 _aUndergraduate texts in mathematics
650 _a Real analysis
650 _aCalculus
700 _a Limaye, Balmohan V.
700 _aAxler, Sheldon, Ribet, kenneth
942 _cTB
999 _c52551
_d52551